LEADER 01305nam--2200409---450- 001 990000482850203316 005 20090302111439.0 010 $a0-415-07262-X 035 $a0048285 035 $aUSA010048285 035 $a(ALEPH)000048285USA01 035 $a0048285 100 $a20010530d1992----km-y0itay0103----ba 101 $aeng 102 $aGB 105 $a||||||||001yy 200 1 $aBudget deficits and economic performance$fRichard C. K. Burdekin and Farrokh K. Langdana$gforeword by Thomas D. Willett 210 $aLondon$cRoutledge$d1992 215 $aXXV, 226 p.$d22 cm 410 $12001 606 0 $aDebito pubblico 606 0 $aDebito pubblico$yPaesi della Comunità economica europea 676 $a339.523 700 1$aBURDEKIN,$bRichard Charles Keighley$0545514 701 1$aLANGDANA,$bFarrokh K.$0119509 702 1$aWILLETT,$bThomas D. 801 0$aIT$bsalbc$gISBD 912 $a990000482850203316 951 $a339.523 BUR 1 (IEP VI 243)$b11500 G$cIEP VI$d00199523 959 $aBK 969 $aGIU 979 $aPATTY$b90$c20010530$lUSA01$h1509 979 $c20020403$lUSA01$h1657 979 $aPATRY$b90$c20040406$lUSA01$h1633 979 $aRSIAV5$b90$c20090302$lUSA01$h1114 996 $aBudget deficits and economic performance$9888390 997 $aUNISA LEADER 01014nam0-2200349li-450 001 990000261220203316 005 20180312154642.0 010 $a0-89006-251-X 035 $a0026122 035 $aUSA010026122 035 $a(ALEPH)000026122USA01 035 $a0026122 100 $a20001109d1988----km-y0itay0103----ba 101 0 $aeng 102 $aUS 200 1 $aNonlinear microwave circuits$fStephen A. Maas 210 $aNorwood (Mass.)$cArtech House$dcopyr. 1988 215 $aXV, 478 p.$cill.$d30 cm 610 1 $acircuiti per microonde 676 $a621381$9. 700 1$aMaas,$bStephen A.$0719362 801 $aSistema bibliotecario di Ateneo dell' Università di Salerno$gRICA 912 $a990000261220203316 951 $a621.381 32 MAA$b0000519 959 $aBK 969 $aTEC 979 $c19901107 979 $c20001110$lUSA01$h1715 979 $c20020403$lUSA01$h1634 979 $aPATRY$b90$c20040406$lUSA01$h1619 996 $aNonlinear microwave circuits$91486665 997 $aUNISA LEADER 02964nam 2200589Ia 450 001 9910777409703321 005 20230928221446.0 010 $a1-282-41753-3 010 $a9786612417535 010 $a0-313-05371-5 035 $a(CKB)1000000000451895 035 $a(EBL)495134 035 $a(OCoLC)61164035 035 $a(SSID)ssj0000255688 035 $a(PQKBManifestationID)11210038 035 $a(PQKBTitleCode)TC0000255688 035 $a(PQKBWorkID)10217683 035 $a(PQKB)11402214 035 $a(MiAaPQ)EBC495134 035 $a(Au-PeEL)EBL495134 035 $a(CaPaEBR)ebr10362823 035 $a(CaONFJC)MIL241753 035 $a(EXLCZ)991000000000451895 100 $a20030702d2003 uy 0 101 0 $aeng 135 $aur|n|---||||| 181 $ctxt$2rdacontent 182 $cc$2rdamedia 183 $acr$2rdacarrier 200 10$aTax avoidance and anti-avoidance measures in major developing economies /$fPhyllis Lai Lan Mo ; foreword by Tang Yunwei 210 1$aWestport, Conn. ;$aLondon :$cPraeger,$d2003. 215 $a1 online resource (xii, 297 pages) 311 0 $a1-56720-577-1 320 $aIncludes bibliographical references and index. 327 $aContents; Tables; Foreword; Preface; 1 The Nature and Emerging Significance of Tax Avoidance in Developing Economies; 2 Tax Systems in Major Developing Economies; 3 Tax Avoidance and Anti-Avoidance Measures; 4 An Empirical Study on Tax Noncompliance in China; 5 Summary and Implications; Appendix 1 Translated Extracts of Income Tax Law of the People's Republic of China Concerning Foreign Investment Enterprises and Foreign Enterprises; Appendix 2 Translated Extracts of Tax Administration and Collection Law of the People's Republic of China; Bibliography; Index 330 $aTax avoidance and evasion have an important effect on the economic development of every economy. Developing economies are particularly vulnerable to tax avoidance and evasion due to inadequacies in their institutional framework and the lack of sufficient expertise and resources to monitor the intricacies of this issue. Given the far-reaching effect of revenue losses due to tax noncompliance, many developing countries have undertaken tax reforms to improve their tax administration and implemented various anti-avoidance measures to combat tax evasion. 606 $aTax administration and procedure$zDeveloping countries 606 $aTax evasion$zDeveloping countries 606 $aTaxation$zDeveloping countries 615 0$aTax administration and procedure 615 0$aTax evasion 615 0$aTaxation 676 $a336.2/06/091724 676 $a336.206091724 700 $aMo$b Phyllis Lai Lan$f1959-$01465220 801 0$bMiAaPQ 801 1$bMiAaPQ 801 2$bMiAaPQ 906 $aBOOK 912 $a9910777409703321 996 $aTax avoidance and anti-avoidance measures in major developing economies$93675117 997 $aUNINA